000 00641nam a2200145 a 4500
001 000040522
005 20201002034204.0
008 130829s2011 dr a 000 0 spa d
040 _aDO-SdBNP
_bspa
_cBNPHU
245 0 0 _aGuía II :
_bvaloración y administración de riesgos /.
260 _aSanto Domingo :
_bContraloría General de la República,
_c2011.
300 _a90 p. :
_bil. ;
_c26 cm.
505 0 _aGuía 2:
_tPauta No 2-001 diagnóstico del componente valoración y administración de riesgos --
_tPauta No 2-002 herramientas para la valoración y administración de riesgos --
710 2 _aContraloría General de la República
_966823
999 _c40012
_d40012